Statistics for Provinces of the Netherlands Quiz

Click here to take the quiz!

General Stats

  • This quiz has been taken 41 times
  • The average score is 8 of 12

Answer Stats

Province% Correct
North Holland
93%
South Holland
93%
Zeeland
77%
Friesland
70%
Utrecht
70%
Groningen
67%
Limburg
63%
North Brabant
60%
Drenthe
53%
Flevoland
50%
Overijssel
47%
Gelderland
43%

Score Distribution

Percentile by Number Answered

Percent of People with Each Score

Your Score History

You have not taken this quiz